North American Tectonic Plate Nations - Statistics

General Stats
  • This quiz has been taken 12 times
  • The average score is 11 of 16
Answer Stats
North American Plate % Correct
Greenland (Denmark)
89%
United States of America (mostly)
89%
Canada
78%
Guatemala (mostly)
78%
Iceland (partially approx. 50%)
78%
Mexico (mostly)
78%
Russia (partially)
78%
Bermuda (UK)
67%
Cayman Islands (UK)
67%
Cuba (mostly)
67%
St Pierre and Miquelon (France)
67%
Turks and Caicos Islands (UK)
67%
Bahamas
56%
Belize
56%
Corvo Island (Azores) (Portugal)
56%
Flores Island (Azores) (Portugal)
56%
No matching quizzes found
Score Distribution
Percent of People with Each Score
Percentile by Number Answered
Your Score History
You have not taken this quiz